[Event "Winter 2018 CCCSA-GM A"]
[Site "Charlotte"]
[Date "2018.01.11"]
[Round "1"]
[White "Panchanathan, Magesh Chandran"]
[Black "Escobar Forero, Alder"]
[Result "1/2-1/2"]
[WhiteElo "2486"]
[BlackElo "2482"]
[Annotator "TA"]
[PlyCount "58"]
[EventDate "2018.01.11"]
[EventType "tourn"]
[EventCountry "USA"]
[SourceTitle "playchess.com"]
[Source "ChessBase"]
[SourceQuality "1"]

{[%evp 15,58,-3,-14,-16,-27,-28,-20,-15,0,0,4,0,0,-35,-35,-54,-46,-37,-44,-35,-34,-79,-22,-28,-19,-29,-24,-304,-320,-308,-267,-264,-256,-347,-339,-351,-298,-720,-714,-705,-680,-987,-983,-1077,-231]} 1. d4 d5 2. Nf3 Nf6 3. e3 e6 4. c4 Be7 5. Nc3 O-O 6. Qc2 c5 7. dxc5 Nc6 8. Bd2 Bxc5 9. cxd5 {E51: Nimzo-Indian: Rubinstein: 4...0-0 5 Nf3 d5} (9. Be2 a6 10. a3 d4 11. exd4 Nxd4 12. Nxd4 Bxd4 13. O-O Qc7 14. Rad1 Be5 15. h3 Bd7 16. Be3 Bc6 {½-½ (81) Uhlmann,W (2412)-Kortschnoj,V (2566) Dresden 2010}) 9... exd5 10. Be2 Bg4 11. O-O {The position is equal.} Rc8 12. Rfd1 $146 ({Predecessor:} 12. a3 d4 13. exd4 Bxf3 14. Bxf3 Nxd4 15. Qd1 Nxf3+ 16. gxf3 Qd3 17. Be3 Qf5 18. Kh1 Rfe8 19. Qe2 Bd4 {0-1 (19) Heino,J (1837)-Vanttaja,I (2247) ICCF email 2007}) 12... Re8 13. Be1 Qe7 14. Qa4 {[#]} (14. h3 $5 {[%cal Rh3g4]} Be6 15. Rac1 $11) 14... d4 $1 {[%mdl 512]} 15. Nxd4 (15. exd4 Bxf3) 15... Bxd4 16. Bxg4 $1 Nxg4 17. exd4 Qd6 18. g3 Qh6 (18... Qf6 $17 19. Rd2 Rcd8) 19. h4 $11 Qf6 {( -> ...Rxe1+!)} 20. Rd2 $1 Rcd8 $40 {[%cal Rd8d4][%mdl 128] Black has some attack.} 21. d5 $2 {[%mdl 8192]} (21. Re2 $11 {and White is okay.}) 21... Nce5 $19 22. Ne4 Qg6 23. Kg2 {[#]} b5 $1 {[%cal Rb5a4][%mdl 512]} 24. Qd4 {[#]} (24. Qxb5 Qxe4+) 24... Nc6 $1 {[%cal Rc6d4]} 25. Qd3 Nb4 ({Not} 25... Rxe4 26. f3 $15) 26. Qxb5 $2 (26. Qb1 Qxe4+ 27. Qxe4 Rxe4 28. d6) 26... Qxe4+ {Black is clearly winning.} ({Weaker is} 26... Rxe4 27. a3 $19) 27. f3 Ne3+ 28. Kf2 Qf5 ({Less strong is} 28... Qc4 29. Qxc4 Nxc4 30. Rd4 $17) 29. Qxb4 Nc2 $2 {Precision: White = 53%, Black = 61%.} (29... Qh3 {[%cal Rh3h2]} 30. Kg1 Rxd5) 1/2-1/2

[Event "Winter 2018 CCCSA-GM A"]
[Site "Charlotte"]
[Date "2018.01.11"]
[Round "1"]
[White "Bartholomew, John"]
[Black "Korley, Kassa"]
[Result "1-0"]
[WhiteElo "2459"]
[BlackElo "2387"]
[Annotator "TA"]
[PlyCount "63"]
[EventDate "2018.01.11"]
[EventType "tourn"]
[EventCountry "USA"]
[SourceTitle "playchess.com"]
[Source "ChessBase"]
[SourceQuality "1"]

{[%evp 12,63,28,25,26,27,27,24,18,15,21,20,26,10,19,8,24,24,56,22,29,28,19,27,29,8,31,39,87,85,86,97,93,102,138,120,362,358,402,400,408,406,396,385,422,387,381,384,381,375,449,449,433,353]} 1. d4 d5 2. c4 dxc4 3. Nf3 Nf6 4. e3 e6 5. Bxc4 a6 6. O-O b5 7. Be2 Bb7 {D26: Queen's Gambit Accepted: 4 e3 e6 5 Bxc5 c5 sidelines} 8. a4 b4 9. Nbd2 Nbd7 {White has an edge.} 10. b3 (10. Nb3 c5 11. Bd2 Ne4 12. a5 Be7 13. dxc5 Ndxc5 14. Nxc5 Bxc5 15. Qa4+ {½-½ (30) Girya,O (2501)-Rublevsky,S (2683) St Petersburg 2017}) 10... Be7 11. Bb2 O-O 12. Nc4 c5 13. Nfe5 Qc7 14. Rc1 Rfd8 15. Bf3 Nxe5 16. Nxe5 Rac8 17. Nd3 $146 ({Predecessor:} 17. Qe2 Qb8 18. dxc5 Bxc5 19. Rc4 Bd6 20. Bxb7 Qxb7 21. Rxc8 Rxc8 22. Nc4 {½-½ (22) Popovics,A (2391)-Guliyev,N (2579) Hungary 2016}) 17... Ne4 {[#]} 18. Nxb4 $1 {[%mdl 512]} Qb8 (18... cxb4 19. Rxc7) 19. Nd3 Bd5 20. Ba3 Bd6 21. Bxe4 Bxe4 22. Nxc5 Bxh2+ 23. Kh1 Ba8 $2 (23... Bd6 $16 {was necessary.}) 24. f4 $18 ({Weaker is} 24. Nxa6 Rxc1 25. Qxc1 Qb7 $14) 24... e5 25. Kxh2 exd4 26. exd4 Rc6 27. Rc3 Rf6 28. Rg3 Rxf4 29. Rxf4 Qxf4 30. Qg4 {[%csl Gg3][%cal Rg4g7] [#]} Qh6+ 31. Kg1 Re8 {( -> ...Re1+)} 32. Qg5 {Precision: White = 65%, Black = 47%.} 1-0

[Event "Winter 2018 CCCSA-GM A"]
[Site "Charlotte"]
[Date "2018.01.11"]
[Round "1"]
[White "Shmeliov, Denis"]
[Black "Brodsky, David"]
[Result "1/2-1/2"]
[WhiteElo "2420"]
[BlackElo "2405"]
[Annotator "TA"]
[PlyCount "57"]
[EventDate "2018.01.11"]
[EventType "tourn"]
[EventCountry "USA"]
[SourceTitle "playchess.com"]
[Source "ChessBase"]
[SourceQuality "1"]

{[%evp 23,57,13,10,22,21,0,0,0,0,0,0,-12,-11,-18,0,-31,0,0,0,0,0,0,0,0,0,0,0,-30,-16,-56,-56,-68,-59,-45,-37,-37]} 1. d4 Nf6 2. c4 e6 3. Nc3 Bb4 4. Qc2 d5 5. cxd5 Qxd5 6. Nf3 {[%cal Bg1f3,Bf3d2,Bd2c4,Bc4a5][%mdl 32]} Qf5 7. Qxf5 exf5 8. a3 Bd6 {E34: Nimzoindisch (4.Dc2)} 9. Bg5 {[%cal Bc1g5,Bg5h4,Bh4g3][%mdl 32]} (9. Nb5 Be6 10. Nxd6+ cxd6 11. Bf4 Ke7 12. e3 Nbd7 13. Bd3 Rac8 14. Ke2 Bc4 15. Rhc1 Bxd3+ 16. Kxd3 {½-½ (39) Sakaev,K (2594)-Fedoseev,V (2731) Sochi 2017}) 9... Ne4 10. Nxe4 fxe4 11. Nd2 h6 12. Bh4 f5 {LiveBook: 4 Partien} 13. e3 Be6 14. Nc4 Nd7 $146 ({Vorgänger:} 14... Nc6 15. O-O-O Bd5 16. Be2 {½-½ (40) Roussel Roozmon,T (2491)-Bolduc,S (2230) Montreal 2011}) 15. Rc1 g5 16. Bg3 Ke7 17. Na5 Bd5 18. Bc4 Bxc4 19. Rxc4 (19. Nxc4 {is more complex.} h5 20. h4 Bxg3 21. fxg3 gxh4 22. Na5) 19... Rab8 (19... f4 {looks sharper.} 20. exf4 gxf4 21. Bh4+ Ke6 22. g3 b6) 20. Bxd6+ cxd6 21. Kd2 Ke6 22. Rc7 {[#] d5+! ist eine echte Drohung.} Nf6 23. b4 Rh7 24. Rhc1 Rd7 25. h3 b6 26. Rxd7 Kxd7 {Schwarz steht etwas besser.} 27. Nc6 Ra8 28. b5 Nd5 29. Nb4 {Precision: Weiß = 63%, Schwarz = 92%.} 1/2-1/2

[Event "Winter 2018 CCCSA-GM A"]
[Site "Charlotte"]
[Date "2018.01.11"]
[Round "1"]
[White "Wang, Kevin"]
[Black "Spicha, K  Alexander"]
[Result "0-1"]
[WhiteElo "2380"]
[BlackElo "2083"]
[Annotator "TA"]
[PlyCount "56"]
[EventDate "2018.01.11"]
[EventType "tourn"]
[EventCountry "USA"]
[SourceTitle "playchess.com"]
[Source "ChessBase"]
[SourceQuality "1"]

{[%evp 9,56,-14,-5,3,-4,-29,-51,-39,-32,-43,-24,-36,-35,-41,-16,-18,-18,-35,-20,-28,-21,-25,-30,-22,-29,-69,-61,-100,-18,-114,-37,-132,-128,-77,4,13,22,-16,-20,-265,-264,-617,-618,-1172,-1142,-5314,-3582,-29980,-29979]} 1. e4 {[%cal Be2e4,Be4e5][%mdl 32]} c6 2. Ne2 d5 3. e5 Bf5 4. Ng3 (4. Nd4 Bg6 5. h4 h5 6. e6 Qd6 7. exf7+ Bxf7 8. Nf3 e5 9. d4 e4 10. Ng5 Qc7 11. c4 Nf6 {½-½ (25) Efimenko,Z (2656)-Medvegy,Z (2535) Zalakaros 2015}) 4... Bg6 5. h4 {[%cal Bh2h4,Bh4h5][%mdl 32]} h6 6. h5 {B10: Caro-Kann: 2 d3 and 2 c4} Bh7 7. e6 fxe6 8. d4 {Black is slightly better.} Qd6 9. f4 g5 10. hxg6 $1 Bxg6 11. Bd3 Bxd3 $146 (11... Bf7 {keeps more tension.} 12. Qf3 Nd7 13. Nd2 Ngf6 14. Nb3 O-O-O) ({Predecessor:} 11... Bf7) 12. Qxd3 Nf6 13. Qg6+ Kd8 14. Nc3 Rg8 15. Qd3 $1 Na6 {aiming for ...Nb4.} 16. a3 c5 17. Nce2 cxd4 18. b4 Ng4 (18... Rc8 $17 19. Rb1 h5 $1 {[%mdl 512]} 20. Nxd4 Rc4) 19. Nxd4 (19. Qh7 $11 Rg7 20. Qd3) 19... Nc7 (19... Bg7 $17 20. c3 Nc7) 20. O-O ({White should play} 20. Nh5 $15 Nf6 21. Nxf6 exf6 22. O-O) 20... Bg7 $17 21. Bb2 (21. c3 $142) 21... e5 (21... Qa6 $17 22. Qh7 Nf6) 22. Qh7 $11 Kd7 23. Nb3 {Threatens to win with Nc5+.} Raf8 $1 $36 {[%mdl 2048] Black has some pressure.} 24. Rae1 $2 {[#]} (24. Nc5+ $11 {and White is okay.} Kc8 25. Nf5) 24... Qf6 $1 $19 {[%cal Rf6h4] White must now prevent ...Qh4.} 25. Rf3 $2 (25. Nc5+ Kc8 26. Rxe5) 25... Qh4 {And now ...e4 would win.} 26. Qg6 e4 {[%cal Be5e4,Be4f3][%mdl 32]} 27. Bxg7 exf3 28. Nc5+ Kc8 {Precision: White = 13%, Black = 62%.} 0-1

[Event "Winter 2018 CCCSA-GM A"]
[Site "Charlotte"]
[Date "2018.01.11"]
[Round "2"]
[White "Arribas Lopez, Angel"]
[Black "Panchanathan, Magesh Chandran"]
[Result "0-1"]
[WhiteElo "2483"]
[BlackElo "2486"]
[Annotator "TA"]
[PlyCount "144"]
[EventDate "2018.01.11"]
[EventType "tourn"]
[EventCountry "USA"]
[SourceTitle "playchess.com"]
[Source "ChessBase"]
[SourceQuality "1"]

{[%evp 17,144,-22,-6,-33,-35,-14,-39,-33,-21,-66,-66,-61,-70,-65,-63,-75,-58,-62,-54,-107,-65,-65,-54,-83,-87,-94,-81,-92,-101,-198,-182,-181,-96,-99,-75,-289,-288,-384,-384,-381,-377,-490,-464,-417,-451,-441,-440,-427,-418,-406,-252,-241,-247,-291,-291,-287,-280,-297,-289,-283,-279,-286,-302,-295,-246,-250,-238,-381,-382,-378,-364,-374,-374,-366,-366,-354,-347,-318,-296,-5418,-954,-1277,-1369,-1362,-882,-1232,-1298,-979,-1335,-4644,-1328,-4872,-3539,-4577,-4374,-4431,-4133,-4131,-3070,-2799,-2799,-2017,-1917,-1504,-965,-1442,0,-1439,-1327,-1064,-520,-1294,-1287,-1225,-1173,-1067,-1034,-822,-777,-29970,-29971,-29971,-29972,-29971,-29969,-29952,-29951,-29956,-29944]} 1. e4 e5 2. Nf3 Nc6 3. d4 exd4 4. Nxd4 Nf6 5. Nxc6 bxc6 6. e5 Qe7 7. Qe2 Nd5 8. c4 Ba6 9. Nd2 g6 10. Nf3 {C45: Scotch Game} Qb4+ 11. Kd1 Ne7 12. Qc2 {Black is slightly better.} c5 13. Qb3 $146 ({Predecessor:} 13. Bd3 Bg7 14. Re1 O-O 15. Qb3 Nc6 16. Bd2 Qb6 17. Qxb6 axb6 {0-1 (32) Jones,G (2668)-Kramnik,V (2803) Douglas 2017}) 13... Qb6 14. Qxb6 axb6 15. Bd3 Bg7 16. Re1 O-O 17. Bf4 Nc6 18. Kd2 ({White should play} 18. a3 $15) 18... Bb7 19. Be4 {[#]} d6 $1 {[%cal Rd6e5][%mdl 512]} 20. exd6 cxd6 21. Kc1 Ra4 22. Nd2 Re8 {Strongly threatening ...Na5.} 23. Kc2 (23. Re3 $17 {keeps fighting.}) 23... Nd4+ 24. Kd3 Bxe4+ (24... Bc8 $19 25. b3 Ra7) 25. Nxe4 $17 Ne6 $36 {[%mdl 2048] Black is on the roll.} 26. Bxd6 $2 (26. Bg3 $17 {was worth a try.}) 26... Rd8 $19 (26... Bxb2 27. Rab1 $17) 27. Ke3 Bxb2 28. Rab1 Bd4+ 29. Kd3 f5 30. Nc3 Bxc3 ({Not} 30... Rxd6 31. Rxe6 Rxe6 32. Nxa4 $15) 31. Rxe6 Ba5 32. Ke3 Kf7 33. Bc7 Rd7 ({Weaker is} 33... Kxe6 34. Bxd8 Rxa2 35. Bxb6 $17) 34. Rc6 Rxc4 35. Rb3 Bc3 {( -> ...Re4+)} 36. Bd6 {intending Kd3.} Bd4+ 37. Kd3 Ra4 38. Rbxb6 Rxa2 ({Much less strong is} 38... Bxf2 39. Ra6 $19) 39. g3 Bxf2 40. Kc4 Ra4+ 41. Kb3 Ra1 {aiming for ...c4+!} 42. Be5 {[#]} (42. Ra6 $142 Rb1+ 43. Ka2) 42... c4+ $1 43. Kc2 {Threatens to win with Rf6+.} (43. Kxc4 Rc1+) 43... Bxb6 44. Bxa1 Bd4 45. Bxd4 Rxd4 {[%mdl 4096] Endgame KR-KR} 46. Rc7+ {[#]} Kg8 $1 47. Kc3 Re4 48. Rxc4 $2 (48. Rb7) 48... Re2 (48... Rxc4+ $142 49. Kxc4 Kg7) 49. Rh4 Kg7 50. Kd3 Ra2 51. Ke3 g5 52. Rb4 Rxh2 53. Kf3 Ra2 (53... g4+ $142 54. Kf4 Rf2+ 55. Ke5 Kg6) 54. Rb7+ Kg6 55. Rb6+ Kh5 56. Rb5 Ra3+ 57. Kg2 Re3 58. Kf2 Rc3 59. Kg2 h6 60. Ra5 Rc6 61. Kf3 Rc3+ 62. Kg2 $1 Rc4 63. Kh3 f4 64. g4+ (64. gxf4 $142 Rxf4 65. Kg3) 64... Kg6 65. Ra6+ Kg7 66. Ra7+ Kf6 67. Ra6+ Ke5 68. Rxh6 Rc3+ {Black mates.} 69. Kh2 Rg3 70. Ra6 Rxg4 71. Ra5+ Ke4 72. Ra4+ Kf5 {Precision: White = 44%, Black = 75%.} 0-1

[Event "Winter 2018 CCCSA-GM A"]
[Site "Charlotte"]
[Date "2018.01.12"]
[Round "2"]
[White "Escobar Forero, Alder"]
[Black "Bartholomew, John"]
[Result "1/2-1/2"]
[WhiteElo "2482"]
[BlackElo "2459"]
[Annotator "TA"]
[PlyCount "100"]
[EventDate "2018.01.11"]
[EventType "tourn"]
[EventCountry "USA"]
[SourceTitle "playchess.com"]
[Source "ChessBase"]
[SourceQuality "1"]

{[%evp 15,100,-39,-37,-41,-39,-40,5,0,14,6,6,10,10,13,10,4,10,13,15,9,4,-23,0,-12,-7,-13,-20,-32,-27,-38,-38,-31,-12,-17,0,0,0,0,16,10,29,0,19,0,0,0,0,0,0,-10,-17,-41,-41,-68,-66,-64,0,-64,-60,-116,-64,-64,-50,-142,-141,-143,-153,-120,-134,-162,-71,-69,-69,-71,-70,-111,-93,-93,0,0,0,0,0,0,0,0,0]} 1. e4 c5 2. Nf3 d6 3. d4 cxd4 4. Nxd4 Nf6 5. Nc3 Nc6 6. h3 e5 7. Nde2 Be6 {B56: Classical Sicilian: Unusual Lines} 8. Bg5 (8. f4 Rc8 9. f5 Bc4 10. Ng3 d5 11. exd5 Bxd5 12. Nxd5 Nxd5 13. c3 Bc5 14. Bc4 Nf4 15. Qxd8+ Rxd8 {1-0 (39) Movsesian,S (2716)-Navara,D (2687) Pardubice 2009}) 8... Be7 {LiveBook: 4 Games} 9. Bxf6 Bxf6 {Black is slightly better.} 10. Nd5 Bxd5 (10... O-O {keeps more tension.} 11. g3 Rc8 12. Bg2 Bxd5 13. exd5 Nb8) 11. Qxd5 O-O 12. c3 $146 ({Predecessor:} 12. Nc3 Nd4 13. Bd3 Qb6 14. Nb5 Nxb5 15. Qxb5 Qxb5 16. Bxb5 {1-0 (60) Pancevski,F (2473)-Nikolova,A (2345) Sarajevo 2012}) 12... Ne7 13. Qb3 Qc7 14. g3 {[#]} b5 $1 {[%mdl 512]} 15. Bg2 (15. Qxb5 Rfb8) 15... a5 16. O-O Rfb8 17. Rfd1 b4 18. c4 Ra6 19. h4 Rc6 20. Rac1 Nc8 21. Qd3 Nb6 22. b3 Nd7 23. Qf3 Ra6 24. a4 bxa3 25. Nc3 $1 Qc5 26. Bh3 Nf8 27. Rd5 Qc6 {[#] And now ...Rab6 would win.} 28. Rb5 Raa8 29. Qd3 Ne6 $36 {[%mdl 2048] Black is more active.} 30. Bxe6 $1 fxe6 31. Ra1 $1 Bd8 32. Rxa3 Bb6 33. Ra2 Rf8 34. Kg2 Ra7 $1 35. Nd1 Raf7 (35... h6 $15) 36. Re2 ({White should play} 36. b4 $1 $11) 36... h6 $15 37. Qc3 ({Better is} 37. Ra2 $15) 37... Rc7 (37... Bd4 $17 38. Qd3 Qe8) 38. Qd2 Ra7 39. Qa2 (39. Qd3 $15) 39... Raf7 $17 40. Qd2 Rf3 41. Qc2 Kh7 42. Qd2 a4 (42... Bd4 $19 {is more deadly. Strongly threatening ...Qe8.} 43. Qc2 Qc7) 43. bxa4 Bd4 44. Qc2 Ra3 45. Nb2 Qa8 46. Rb3 Ra2 (46... Ra1 $17 47. Rd2 Qe8) 47. Qb1 $11 {The position is equal.} Rxb2 $1 48. Rexb2 Bxb2 49. Rxb2 Qxa4 50. Qd3 Qc6 {Precision: White = 43%, Black = 68%.} 1/2-1/2

[Event "Winter 2018 CCCSA-GM A"]
[Site "Charlotte"]
[Date "2018.01.12"]
[Round "2"]
[White "Kaliksteyn, Alexander"]
[Black "Brodsky, David"]
[Result "1/2-1/2"]
[WhiteElo "2425"]
[BlackElo "2405"]
[Annotator "TA"]
[PlyCount "111"]
[EventDate "2018.01.11"]
[EventType "tourn"]
[EventCountry "USA"]
[SourceTitle "playchess.com"]
[Source "ChessBase"]
[SourceQuality "1"]

{[%evp 28,111,-14,-29,-31,-29,-7,-38,-37,-71,-8,-63,-28,-47,-27,-25,-29,-20,-21,-17,-27,-33,-38,-87,-98,-94,-81,-93,-91,-110,-107,-185,-205,-237,-222,-281,-110,-200,-197,-213,-147,-139,-163,-169,-133,-234,-238,-488,-518,-517,-500,-510,-453,-462,-394,-393,-200,-450,-178,-211,0,0,0,0,0,0,0,0,0,0,0,0,0,0,0,0,0,0,0,0,8,8,8,8,8,8]} 1. c4 Nf6 2. Nc3 e5 3. Nf3 Nc6 4. g3 d5 5. cxd5 Nxd5 6. Bg2 Nb6 7. O-O Be7 8. a3 Be6 9. d3 O-O 10. b4 a5 11. b5 Nd4 12. Nd2 c6 13. bxc6 Nxc6 {A29: English Opening: Four Knights Variation with 4 g3} 14. Rb1 a4 15. e3 {LiveBook: 3 Games} (15. Nc4 Nxc4 16. dxc4 Bxc4 17. Rxb7 Nd4 18. Re1 Bb3 19. Qd3 Rb8 20. Bb2 Rxb7 21. Bxb7 {0-1 (56) Belous,V (2557)-Rublevsky,S (2692) Khanty-Mansiysk 2015}) 15... Na5 {Black has an edge.} 16. Nf3 Nb3 $146 ({Predecessor:} 16... Bb3 17. Qe2 {½-½ (17) Castro Salguero,R (2419)-Zapf,H (2440) ICCF email 2011}) 17. Bb2 f6 18. Qe2 Nd5 (18... Qd7 $17) 19. Nxd5 ({Better is} 19. Ne4 $11) 19... Bxd5 $15 20. Rfd1 Qc7 21. e4 Bf7 22. d4 exd4 23. Nxd4 Nxd4 24. Rxd4 Bc5 25. Rdd1 Bb3 26. Re1 Qe7 27. Ra1 Rad8 {[%cal Ba8d8,Bd8d7,Bd7c7,Bc7c2][%mdl 32]} 28. Kh1 Rd7 29. f4 (29. Bh3 $17 {was called for.}) 29... Rfd8 $19 30. Bc3 Bxa3 31. e5 f5 $2 (31... Qc5 $19 {is more deadly.} 32. e6 Re7) 32. g4 (32. Ba5 $17) 32... Rc8 33. e6 Rdc7 34. Be5 Rc2 $36 {[%mdl 2048] White is under strong pressure.} 35. Qf3 Bb4 36. Rg1 (36. Red1 $17 {might work better.} fxg4 37. Qxb7 Bxe6 38. Rxa4) 36... Bc3 ({Not} 36... Bxe6 37. gxf5 Bxf5 38. Qxb7 $11) 37. gxf5 $2 (37. Bxc3 R2xc3 38. Qxb7 Qxb7 39. Bxb7) 37... Bxa1 38. Bxa1 {[#]} Rc1 $1 {[%cal Rc1g1]} 39. Bd4 Rxg1+ 40. Bxg1 b5 41. h3 Rd8 (41... Bc4 $142 42. Bd4 a3) 42. Bb6 $2 (42. Qc6) 42... Rd1+ $2 (42... Rd5 43. Qe4 a3) 43. Kh2 h6 $2 ({Black should play} 43... Rd5 $19 44. Qe4 b4) 44. Qe3 $1 $11 {The position is equal.} Bc4 45. Bc5 Qe8 $1 {With the idea ...Rd3.} 46. e7 {Strongly threatening Bc6!} Bf7 47. f6 gxf6 48. Qg3+ Kh8 {...Qd7 is the strong threat.} (48... Kh7 $5 49. Be4+ $8 Kh8 $11) 49. Qh4 Rd2 {Threatens to win with ...Kh7.} 50. Qxh6+ Kg8 51. Kg3 {[#] Be4 would kill now.} Rxg2+ $1 {[%mdl 512]} 52. Kxg2 {aiming for Kg3.} Qc6+ 53. Kg3 {Threatening mate with Qf8+.} Qd5 54. Bd4 Qe6 55. Qxf6 Qxf6 56. Bxf6 {Precision: White = 41%, Black = 53%.} 1/2-1/2

[Event "Winter 2018 CCCSA-GM A"]
[Site "Charlotte"]
[Date "2018.01.11"]
[Round "2"]
[White "Wang, Kevin"]
[Black "Praggnanandhaa R"]
[Result "1-0"]
[WhiteElo "2380"]
[BlackElo "2515"]
[Annotator "TA"]
[PlyCount "85"]
[EventDate "2018.01.11"]
[EventType "tourn"]
[EventCountry "USA"]
[SourceTitle "playchess.com"]
[Source "ChessBase"]
[SourceQuality "1"]

{[%evp 23,85,11,16,21,13,0,27,9,39,0,35,41,109,94,82,60,84,81,81,87,77,90,89,71,72,41,31,33,79,82,75,61,218,206,339,332,307,293,358,360,360,360,379,379,373,372,372,367,600,597,595,588,566,572,639,647,735,732,730,720,5457,5430,5365,3607]} 1. e4 c5 {[%cal Bc7c5,Bc5c4][%mdl 32]} 2. c3 Nf6 3. e5 Nd5 4. Nf3 Nc6 5. Bc4 Nb6 6. Bb3 c4 7. Bc2 d5 8. exd6 e5 {B22: Sicilian: 2 c3} 9. O-O Bxd6 10. d4 cxd3 11. Qxd3 Be6 12. Rd1 Be7 {LiveBook: 6 Games} 13. Qe2 Qc7 14. a4 {[%cal Ba2a4,Ba4a5,Ba5a6][%mdl 32]} O-O 15. a5 $146 ({Predecessor:} 15. Ng5 Bxg5 16. Bxg5 {1-0 (63) Gara,A (2354)-Muzychuk,A (2587) Riga 2017}) 15... Nd5 16. a6 b6 17. Na3 Rad8 ({Black should try} 17... Bxa3 $1 $14 18. Rxa3 h6) 18. Nb5 $16 Qb8 19. Ng5 Bxg5 $1 20. Bxg5 Rd7 21. c4 Ndb4 22. Rxd7 $40 {[%mdl 128] White has strong attack.} Bxd7 23. Be4 Be6 24. Rd1 ({Much weaker is} 24. Qh5 f5 $11) 24... Qc8 25. b3 Bg4 26. f3 Be6 27. Rd6 {Strongly threatening Bd2.} Na5 $2 (27... Bf5 $14) 28. Qe3 Nac6 {[#]} (28... Nxa6 $142 29. Nxa7 Qb8 30. Qxb6 Nxb3 31. Qxa6 Nc5) 29. Nxa7 $1 $18 {[%mdl 512]} Nxa7 30. Qxb6 Qb8 31. Qxb8 Rxb8 32. Be3 Nac6 33. Bxc6 ({Don't do} 33. Rxc6 Nxc6 34. Bxc6 Rxb3 $18) 33... Nxa6 34. Ba7 Rf8 35. Bb7 Nc7 $2 (35... Nb4 36. Bc5 Nc2) 36. Rc6 {White is clearly winning.} Na8 37. b4 {[%cal Bb3b4,Bb4b5,Bb5b6,Bb6b7][%mdl 32]} Bd7 38. Rc5 Be6 39. b5 h5 40. Bxa8 Rxa8 41. b6 Bc8 {[#]} 42. Rxc8+ $1 {[%mdl 512]} Rxc8 43. b7 {Precision: White = 85%, Black = 36%.} 1-0

[Event "Winter 2018 CCCSA-GM A"]
[Site "Charlotte"]
[Date "2018.01.11"]
[Round "3"]
[White "Praggnanandhaa R"]
[Black "Kaliksteyn, Alexander"]
[Result "1/2-1/2"]
[WhiteElo "2515"]
[BlackElo "2425"]
[Annotator "TA"]
[PlyCount "106"]
[EventDate "2018.01.11"]
[EventType "tourn"]
[EventCountry "USA"]
[SourceTitle "playchess.com"]
[Source "ChessBase"]
[SourceQuality "1"]

{[%evp 17,106,0,0,-23,52,52,51,45,57,57,59,56,58,36,34,28,43,35,86,88,140,116,110,53,120,89,211,154,149,125,235,233,243,238,236,237,232,221,203,216,350,140,198,201,197,139,150,135,161,170,198,150,160,151,185,127,130,100,156,141,209,36,147,70,77,78,74,0,0,0,0,0,0,-45,-54,-38,0,0,0,0,0,0,0,0,0,0,0,0,0,0,0]} 1. e4 c6 2. d4 d5 3. exd5 cxd5 4. Bd3 Nc6 5. c3 Qc7 6. h3 Nf6 7. Nf3 g6 8. O-O {B13: Caro-Kann: Exchange Variation and Panov-Botvinnik Attack} (8. Na3 a6 9. Qe2 Bf5 10. Bxf5 gxf5 11. Nc2 e6 12. Ne3 Ne4 13. Nd2 h5 14. O-O Bd6 15. Nxd5 exd5 {1-0 (35) Fedoseev,V (2731)-Bacallao Alonso,Y (2573) Tbilisi 2017}) 8... Bf5 9. Bxf5 gxf5 {LiveBook: 18 Games} 10. Ne1 Bg7 (10... e6 $11) 11. Nd3 $14 O-O $146 ({Predecessor:} 11... e6 12. Bf4 Qe7 13. a4 O-O 14. a5 Rfc8 15. Re1 Qd8 {1-0 (66) Hammer,J (2628)-Dishman,S (2313) Helsingor 2017}) 12. Bf4 Qd7 13. Nd2 e6 14. Re1 Kh8 15. Nf3 Ne4 16. Nfe5 Nxe5 17. Nxe5 Qe7 (17... Bxe5 $14 18. Bxe5+ f6) 18. Qh5 $16 Nd6 (18... Rae8 $142) 19. Nd3 Bf6 20. Re3 (20. g4 $16) 20... Rad8 (20... Nc4 $14) 21. Rae1 Rc8 (21... Rg8 $16) 22. Kh1 Nc4 23. R3e2 Rce8 (23... Rfd8 $16) 24. g4 $18 fxg4 25. hxg4 Rg8 26. f3 Bg5 27. Rh2 {[%csl Gh2][%cal Rh5h7]} Rg7 28. Bg3 $1 Qf8 (28... Qd8 $142 29. b3 Nd6) 29. Ne5 (29. b3 $18) 29... Bd8 (29... Qg8 $16 {might work better.} 30. Nxc4 dxc4) 30. Nxc4 dxc4 31. Kg2 ({Don't take} 31. Be5 $6 f6 $16) ({Better is} 31. Qb5 $18) 31... f6 $16 32. Reh1 {[%cal Rh5h7] Black must now prevent Qxh7+!} Qg8 33. Qb5 Bc7 34. Bxc7 ({Much less strong is} 34. Qxc4 $6 Bxg3 35. Kxg3 f5 $16) 34... Rxc7 35. Rh6 Rf8 36. Kf2 (36. Qb4 $18) 36... Rff7 37. Re1 a6 (37... Qf8 $142 38. Reh1 a6) 38. Qh5 Rce7 {[#]} (38... Rc6 $16 39. d5 exd5) 39. Re2 $2 ({White should play} 39. d5 $1 $18) 39... Qb8 (39... e5 $1 $14) 40. Qh2 (40. Re4 $16) 40... e5 $14 41. dxe5 fxe5 {[#]} 42. Kg2 ({White should try} 42. g5 $1 $16) 42... Qd8 {aiming for ...Rxf3!} 43. Qg3 Qd3 $36 {[%mdl 2048] Black is more active.} 44. Rf2 e4 45. fxe4 Qxe4+ 46. Kh2 Qe1 47. Rg2 $1 {The position is equal.} Qc1 48. Qd6 Re1 {( -> ...Rh1+)} 49. Re6 Rxe6 50. Qxe6 Qf4+ 51. Kh3 Qf3+ 52. Kh2 Qf4+ 53. Kh3 Qf3+ {Precision: White = 49%, Black = 39%.} 1/2-1/2